Normal view
MARC view
Entry Personal Name
001 - CONTROL NUMBER
- control field: 680309
003 - CONTROL NUMBER IDENTIFIER
- control field: OSt
005 - DATE AND TIME OF LATEST TRANSACTION
- control field: 20221006165709.0
008 - FIXED-LENGTH DATA ELEMENTS
- fixed length control field: 221006|| aca||aabn | a|a d
040 ## - CATALOGING SOURCE
- Original cataloging agency: OSt
- Transcribing agency: OSt
100 ## - HEADING--PERSONAL NAME
- Personal name: Gupta Ruvhi Au
670 ## - SOURCE DATA FOUND
- Source citation: Work cat.: (OSt)1121743: Gupta Ruvhi Au., Bharatiya Sanskriti Ke Antargat Nadabrahmavaad Evam Satyam Shivam Sundaram Ka Hindustani Sangeet Ke Sandarbh Main Ek Aadhyayan, 1999
